Logo BPK

Biblioteka

Politechniki Koszalińskiej

Identyfikacja procesów w zarządzaniu : (Rekord nr 880)

Szczegóły MARC
000 -ETYKIETA REKORDU
podpole kontrolne o stałej długości 00566nam a2200169 i 4500
001 - NUMER KONTROLNY REKORDU
pole kontrolne bg
040 ## - ŹRÓDŁO KATALOGOWANIA
Instytucja, która utworzyła rekord BPK
041 ## - KOD JĘZYKA
Kod języka tekstu pol
080 ## - UNIWERSALNA KLASYFIKACJA DZIESIĘTNA - UKD
UKD 65.012.4:330.115:519.8](075.8)
008 - POLE O STAŁEJ DŁUGOŚCI - DANE KONTROLNE
podpole kontrolne o stałej długości s pl f |000 0 pol
100 1# - NAZWA OSOBOWA
Nazwa osobowa BROL, Marian W.
245 #0 - TYTUŁ/ODPOWIEDZIALNOŚĆ
Tytuł Identyfikacja procesów w zarządzaniu :
Ciąg dalszy tytułu ekonomiczne modele wymiarowe /
Pozostałe elementy strefy tytułu i oznaczenia odpowiedzialności Marian W. Brol, Janusz Kroik, Krystyna Rosłanowska-Plichcińska ; pod red. Wiesława M. Grudzewskiego.
260 ## - STREFA ADRESU WYDAWNICZEGO
Miejsce wydania Warszawa,
Data publikacji, dystrybucji/powstania dokumentu 1984.
700 1# - HASŁO DODATKOWE - NAZWA OSOBOWA
Nazwa osobowa KROIK, Janusz
700 1# - HASŁO DODATKOWE - NAZWA OSOBOWA
Nazwa osobowa ROSŁANOWSKA-PLICHCIŃSKA, Krystyna
856 ## - LOKALIZACJA I DOSTĘP DO ELEKTRONICZNYCH DOKUMENTÓW ZDALNYCH
Link (URL) http://koha.tu.koszalin.pl/cgi-bin/koha/opac-detail.pl?biblionumber=880
Tekst linku Katalog online BPK
942 ## - DODATKOWE ELEMENTY (KOHA)
Typ dokumentu Książka
Egzemplarze
Wycofany Status egzemplarza Uszkodzony Dostępność Lokalizacja stała Lokalizacja bieżąca Miejsce przechowywania Sygnatura Kod kreskowy Typ dokumentu Ostatnio wypożyczono
      Dostępny Biblioteka Politechniki Koszalińskiej Biblioteka Politechniki Koszalińskiej Wypożyczalnia BG P 21882 01935981 Książka  
      Dostępny Biblioteka Politechniki Koszalińskiej Biblioteka Politechniki Koszalińskiej Wypożyczalnia BG P 21882/L 01399332 Książka  
      Dostępny Biblioteka Politechniki Koszalińskiej Biblioteka Politechniki Koszalińskiej Wypożyczalnia BG P 21883 01935974 Książka 12.01.2016
© 2023 Biblioteka Politechniki Koszalińskiej :: KOHA